Faces on TIME (1950s) Quiz Stats

 Plays Quiz Updated Jan 28, 2012

Challenge
Share
Tweet
Score 0/45 Timer 10:00
2 Plays Today
Famous Face % Correct
Marilyn Monroe
93.1%
Lucille Ball
80.8%
Frank Sinatra
80.6%
Winston Churchill
76.1%
Joseph Stalin
73.2%
Queen Elizabeth II
68.1%
Walt Disney
68.1%
Mao Tse-tung
67.8%
Humphrey Bogart
63.1%
Harry Truman
61.5%
Katharine Hepburn
59.5%
Groucho Marx
56.5%
Eleanor Roosevelt
55.7%
Grace Kelly
52.7%
Sugar Ray Robinson
49.4%
Douglas MacArthur
46.7%
Willie Mays
45.7%
Sigmund Freud
36.6%
Prince Philip
36%
Joseph McCarthy
33.2%
Carol Channing
32.9%
Billy Graham
32.5%
Ernest Hemingway
31.4%
Famous Face % Correct
Casey Stengel
27.5%
Jack Webb
26.4%
Rosemary Clooney
26%
Dr. Jonas Salk
25.3%
Sam Snead
23.4%
Duke Ellington
22.6%
Ed Sullivan
21.8%
Roy Campanella
21.4%
Ava Gardner
17.4%
Jack Paar
16.9%
Pope Pius XII
16%
Grandma Moses
16%
Anne Bancroft
14.7%
Hopalong Cassidy
14.5%
Rosalind Russell
13.7%
Althea Gibson
13.6%
Arthur Godfrey
12.4%
Maria Callas
11.5%
Christian Dior
8.2%
John Rockefeller Jr.
5.5%
Gina Lollobrigida
5%
John Lattner
4.1%

You're not logged in!

Compare scores with friends on all Sporcle quizzes.
Join for Free
OR
Log In

You Might Also Like...

Show Comments

Extras

Top Quizzes Today


Score Distribution

Your Account Isn't Verified!

In order to create a playlist on Sporcle, you need to verify the email address you used during registration. Go to your Sporcle Settings to finish the process.

Report this User

Report this user for behavior that violates our Community Guidelines.

Details: